Allgemeinwissen - Geographie #1 - Statistiken

Allgemein
  • Dieses Quiz wurde 897 mal gespielt
  • Das Durchschnittsergebnis liegt bei 9 aus 20
Antwortstatistiken
Frage Antwort % Korrekt
Was ist die größte Wüste in Afrika? Sahara
90%
Was ist der höchste Berg in Japan? Fuji
75%
Welches Land grenzt nur an China und Russland? Mongolei
73%
Welche bekannte Tanzform stammt aus Argentinien und Uruguay? Tango
70%
Was ist der höchste Berg in Afrika? Kilimandscharo
66%
Was ist das Nationaltier der Vereinigten Staaten? (Sei spezifisch) Weißkopfseeadler
54%
Welche italienische Region hat Florenz als Hauptstadt? Toskana
52%
An welchem Meer liegt die Stadt Sotschi, die Austragungsort der Olympischen Winterspiele 2014 war? Schwarzes Meer
49%
Welcher See (Loch) in Schottland hat das größte Wasservolumen? Loch Ness
47%
Was ist die südlichste Hauptstadt eines Landes? Wellington
44%
Wie heißt die niederländischsprachige Region Belgiens? Flandern
41%
Welche Insel teilen sich Haiti und die Dominikanische Republik? Hispaniola
40%
Welche Rugby-Union-Nationalmannschaft wird als "Springboks" bezeichnet? Südafrika
34%
Welche Großstadt in Indien liegt etwa 60 km von Bangladesch entfernt? Kalkutta
26%
Welches Land beherbergt die größte Anzahl an koptischen Christen? Ägypten
24%
Was ist der höchste Wasserfall der Welt? Salto Ángel
21%
Auf welcher Insel lebten Dodos, bevor sie ausstarben? Mauritius
19%
Auf welcher Halbinsel liegt die Stadt Cabo San Lucas? Baja California
18%
Was ist die einzige Partnerstadt von Rom? Paris
14%
Welche "Linie" trennt die nördlichen und südlichen US-Bundesstaaten? {Mason}-{Dixon} Linie
2%
Keine übereinstimmenden Quizze gefunden
Verteilung der Resultate
Anzahl Personen mit jedem Resultat
Perzentil nach korrekt beantworteten Fragen
Ihre Resultats-Entwicklung
Sie haben dieses Quiz noch nicht gespielt